000 00950 a2200229 4500
001 41112
005 20260407155705.0
008 260407a2003 arg spa d
003 AR-UNSa-BCEJYS
040 _aAR-UNSa-BCEJYS
_bspa
_cAR-UNSa-BCEJYS
080 _a336.275
_xFormas de oferta pública
245 1 0 _aEl prospecto en la oferta pública
020 _a950-894-408-0
264 1 _aBuenos Aires :
_bAD-HOC
_c2003
300 _a237 p.
_c23 cm.
505 _a1. Introducción - 2. El prospecto como medio de difusión de información relevante, a los fines de la celebración de un contrato - 3. Contenido del prospecto - 4. El prospecto como documento integrador del contrato - 5. Régimen en materia de responsabilidad
041 _aspa
942 _cBK
590 _aniveau_biblio:m niveau_hierar:0
100 1 _aGiovenco, Arturo C.
856 4 1 _uhttps://biblioeco.unsa.edu.ar/pmb/images/libros/L126383.jpg
_yImagen de portada
_qimage/jpeg
999 _c3380
_d3380